[Event "M19"]
[Site "Vinkovci"]
[Date "2017.07.30"]
[Round "9.4"]
[White "Safar, Sandro"]
[Black "Spiranec, Noemi"]
[Result "1-0"]
[WhiteElo "2185"]
[BlackElo "2040"]
[PlyCount "57"]
[EventDate "2017.07.24"]

1. e4 c5 2. Nc3 Nc6 3. f4 g6 4. Nf3 Bg7 5. d3 d6 6. g3 e5 7. Bg2 Nge7 8. O-O
exf4 9. Bxf4 O-O 10. Qd2 d5 11. Rae1 Be6 12. Ng5 a6 13. Nxe6 fxe6 14. Bh3 e5
15. Bg5 d4 16. Rxf8+ Bxf8 17. Be6+ Kh8 18. Bf6+ Bg7 19. Bxg7+ Kxg7 20. Rf1 Ng8
21. Rf7+ Kh8 22. Nd5 Qd6 23. Nf6 Nxf6 24. Qh6 Rg8 25. Rxf6 Rg7 26. Qh4 Qe7 27.
Bd5 Nd8 28. Rf2 Ne6 29. Qf6 1-0

[Event "M19"]
[Site "Vinkovci"]
[Date "2017.07.30"]
[Round "9.6"]
[White "Zadravec, Matija"]
[Black "Markovic, Franjo-Josip"]
[Result "1-0"]
[WhiteElo "2150"]
[BlackElo "1986"]
[PlyCount "53"]
[EventDate "2017.07.24"]

1. e4 e6 2. d4 d5 3. Nd2 c5 4. exd5 Qxd5 5. dxc5 Bxc5 6. Ngf3 Nf6 7. Bc4 Qc6 8.
Qe2 O-O 9. O-O Qc7 10. b3 Nc6 11. Bb2 Be7 12. Ne4 Nxe4 13. Qxe4 Bd7 14. Rad1
Rad8 15. Qg4 e5 16. Qh5 g6 17. Qh6 Rfe8 18. Bxf7+ Kxf7 19. Qxh7+ Kf6 20. Nxe5
Nxe5 21. f4 Qc5+ 22. Bd4 Qxd4+ 23. Rxd4 Ng4 24. f5 Bc5 25. fxg6+ Ke5 26. Qg7+
Ke6 27. Qf7+ 1-0

[Event "M19"]
[Site "Vinkovci"]
[Date "2017.07.30"]
[Round "9.7"]
[White "Erenda, Bruno"]
[Black "Udovicic, Dominik"]
[Result "1/2-1/2"]
[WhiteElo "1997"]
[BlackElo "1823"]
[PlyCount "23"]
[EventDate "2017.07.24"]

1. d4 f5 2. c4 e6 3. Nc3 Nf6 4. g3 d5 5. Bg2 c6 6. Nh3 Be7 7. O-O O-O 8. Qb3
Nbd7 9. Bf4 h6 10. Rad1 g5 11. Bc1 Nb6 12. cxd5 1/2-1/2

[Event "Z17"]
[Site "Vinkovci"]
[Date "2017.07.24"]
[Round "1.1"]
[White "Maroslavac, Ivana"]
[Black "Cvitan, Ena"]
[Result "0-1"]
[WhiteElo "1729"]
[BlackElo "2240"]
[PlyCount "46"]
[EventDate "2017.07.24"]

1. e4 c6 2. d4 d5 3. Nc3 g6 4. e5 f6 5. Bf4 Bg7 6. h3 fxe5 7. Bxe5 Nf6 8. Bd3
Nbd7 9. Bf4 O-O 10. Qd2 Qb6 11. Nf3 Nh5 12. Be3 Qxb2 13. Rb1 Qa3 14. O-O Qd6
15. Ne2 e5 16. dxe5 Nxe5 17. Nxe5 Bxe5 18. Nd4 b6 19. Nf3 Rxf3 20. gxf3 Bxh3
21. Rfe1 Qf6 22. Qe2 Bd6 23. Bc1 Nf4 0-1

[Event "Z17"]
[Site "Vinkovci"]
[Date "2017.07.24"]
[Round "1.2"]
[White "Smetisko, Marija"]
[Black "Dasic, Jelena"]
[Result "0-1"]
[WhiteElo "1845"]
[BlackElo "1670"]
[PlyCount "60"]
[EventDate "2017.07.24"]

1. e4 c5 2. Nf3 e6 3. d4 cxd4 4. Nxd4 a6 5. Be3 Nf6 6. Nc3 b5 7. e5 Nd5 8. Nxd5
exd5 9. Qf3 Bb7 10. Qg3 Nc6 11. Nf5 g6 12. Nd6+ Bxd6 13. exd6 Qf6 14. O-O-O O-O
15. h4 Rfc8 16. Kb1 d4 17. Bg5 Qe6 18. Bd2 a5 19. Bxb5 Nb4 20. Bxb4 axb4 21. b3
Rxa2 22. Kxa2 Rxc2+ 23. Ka1 Rc3 24. Bc4 Qe8 25. Qf4 Qa8+ 26. Kb1 Be4+ 27. Bd3
Rxb3+ 28. Kc1 Bxd3 29. Qf3 Qa1+ 30. Kd2 Qc3# 0-1

[Event "Z17"]
[Site "Vinkovci"]
[Date "2017.07.24"]
[Round "1.3"]
[White "Bevanda, Ema"]
[Black "Mican, Karmela"]
[Result "1/2-1/2"]
[WhiteElo "1582"]
[BlackElo "1831"]
[PlyCount "60"]
[EventDate "2017.07.24"]

1. d4 d5 2. c4 e6 3. Nc3 Nf6 4. Nf3 Be7 5. e3 b6 6. Be2 Bb7 7. O-O O-O 8. Re1
Nbd7 9. Bd3 c5 10. e4 dxe4 11. Nxe4 Qc7 12. Qc2 Rad8 13. Bg5 h6 14. Bh4 Rfe8
15. Bg3 Qc8 16. Rad1 Nh5 17. Bh4 Bxe4 18. Bxe4 Bxh4 19. Nxh4 Nhf6 20. Nf3 cxd4
21. Nxd4 Nxe4 22. Rxe4 Nf6 23. Ree1 Rd7 24. Nb5 Red8 25. b3 Qc5 26. Nxa7 Rxd1
27. Rxd1 Rxd1+ 28. Qxd1 Qa3 29. Nc6 Qxa2 30. h3 Qa8 1/2-1/2

[Event "Z17"]
[Site "Vinkovci"]
[Date "2017.07.24"]
[Round "1.4"]
[White "Dejanovic, Tereza"]
[Black "Juric, Ester"]
[Result "1-0"]
[WhiteElo "1830"]
[BlackElo "1408"]
[PlyCount "75"]
[EventDate "2017.07.24"]

1. e4 c5 2. c3 Nf6 3. e5 Nd5 4. d4 cxd4 5. Nf3 Nc6 6. cxd4 e6 7. Bc4 Nb6 8. Bb3
d6 9. exd6 Bxd6 10. O-O O-O 11. Nc3 Re8 12. Re1 a6 13. Be3 Nb4 14. a3 N4d5 15.
Nxd5 Nxd5 16. Qd3 h6 17. Rad1 b6 18. Bxd5 exd5 19. Rc1 b5 20. Bd2 Be6 21. Ne5
Bxe5 22. Rxe5 Qf6 23. Rce1 Rac8 24. R1e3 Rc6 25. Rxd5 Rec8 26. Rde5 Rd8 27. Bc3
Rcd6 28. Qc2 Rd5 29. h3 Bf5 30. Re8+ Rxe8 31. Rxe8+ Kh7 32. Qe2 Qg6 33. Qf3 Be6
34. Ra8 Rd6 35. Qg3 Bd5 36. Re8 Bc6 37. Re7 Qf6 38. d5 1-0

[Event "Z17"]
[Site "Vinkovci"]
[Date "2017.07.24"]
[Round "1.5"]
[White "Bevanda, Lorena"]
[Black "Golub, Nikolina"]
[Result "0-1"]
[WhiteElo "1377"]
[BlackElo "1828"]
[PlyCount "78"]
[EventDate "2017.07.24"]

1. d4 d5 2. Nf3 Nf6 3. Bf4 c5 4. e3 e6 5. Nbd2 Qb6 6. Rb1 Qa5 7. a3 c4 8. c3
Nbd7 9. Be2 Be7 10. h3 O-O 11. O-O b5 12. Qc2 Bb7 13. b4 Qb6 14. Rfe1 a5 15.
Bd1 Ra7 16. Ng5 h6 17. Ngf3 Rfa8 18. Ne5 Nxe5 19. Bxe5 axb4 20. axb4 Ra3 21.
Bf3 Ne4 22. Nxe4 dxe4 23. Bxe4 Ra2 24. Bh7+ Kh8 25. Rb2 Rxb2 26. Qxb2 Kxh7 27.
Qc2+ Kg8 28. Rd1 Ra3 29. e4 Qa7 30. Qc1 Bxe4 31. f3 Bd3 32. Kh2 Ra2 33. Rd2 Ra1
34. Qb2 Bg5 35. f4 Bh4 36. g3 Be7 37. Rf2 Qa8 38. Rg2 Be4 39. Rg1 Ra2 0-1

[Event "Z17"]
[Site "Vinkovci"]
[Date "2017.07.24"]
[Round "1.6"]
[White "Lijic, Kristina"]
[Black "Juric, Matea"]
[Result "1-0"]
[WhiteElo "1752"]
[BlackElo "1308"]
[PlyCount "67"]
[EventDate "2017.07.24"]

1. c4 e5 2. Nc3 Nc6 3. g3 d6 4. Bg2 Bd7 5. Nf3 Qc8 6. d4 h6 7. d5 Nce7 8. b3 c6
9. dxc6 Nxc6 10. Nb5 Nb4 11. Nc3 Nf6 12. a3 Na6 13. Bb2 Be7 14. Rc1 Bh3 15. O-O
O-O 16. Re1 Nc7 17. e4 Nh7 18. Bh1 f5 19. Nd5 Nxd5 20. Qxd5+ Kh8 21. c5 Nf6 22.
Qd1 dxc5 23. Nxe5 Qe6 24. Ng6+ Kh7 25. Nxf8+ Rxf8 26. exf5 Qf7 27. Bxb7 Bxf5
28. Bxf6 Qxf6 29. Qe2 Bh3 30. Bg2 Bxg2 31. Kxg2 Qc6+ 32. Kg1 Qf6 33. Rc4 Re8
34. Re4 1-0

[Event "Z17"]
[Site "Vinkovci"]
[Date "2017.07.25"]
[Round "2.1"]
[White "Cvitan, Ena"]
[Black "Lijic, Kristina"]
[Result "1-0"]
[WhiteElo "2240"]
[BlackElo "1752"]
[PlyCount "69"]
[EventDate "2017.07.24"]

1. d4 d5 2. c4 e6 3. Nc3 Nf6 4. cxd5 exd5 5. Bg5 Nbd7 6. e3 c6 7. Bd3 Qa5 8.
Nge2 Bb4 9. O-O O-O 10. Qc2 Bxc3 11. bxc3 h6 12. Bf4 Re8 13. Ng3 Nf8 14. f3 Qd8
15. e4 dxe4 16. fxe4 Be6 17. Rae1 Rc8 18. Qd2 N6h7 19. Qf2 Ng6 20. Bd2 Rf8 21.
Nf5 Bxf5 22. exf5 Ne7 23. Qg3 Kh8 24. f6 Nxf6 25. Rxf6 gxf6 26. Qf4 Ng6 27.
Qxh6+ Kg8 28. Bxg6 fxg6 29. Qxg6+ Kh8 30. Re4 f5 31. Qh5+ Kg8 32. Rh4 Rf6 33.
Qh7+ Kf8 34. Bg5 Qd6 35. Qh8+ 1-0

[Event "Z17"]
[Site "Vinkovci"]
[Date "2017.07.25"]
[Round "2.2"]
[White "Golub, Nikolina"]
[Black "Dejanovic, Tereza"]
[Result "1-0"]
[WhiteElo "1828"]
[BlackElo "1830"]
[PlyCount "69"]
[EventDate "2017.07.24"]

1. d4 d5 2. c4 e6 3. Nf3 Nf6 4. g3 c6 5. Qc2 Bd6 6. Bg2 O-O 7. O-O Nbd7 8. b3
Re8 9. Rd1 Bc7 10. Bb2 a6 11. a4 Rb8 12. Nbd2 b6 13. e4 dxe4 14. Nxe4 Nxe4 15.
Qxe4 Bb7 16. Qe3 Qe7 17. Ne5 Nxe5 18. dxe5 c5 19. a5 Bxg2 20. Kxg2 bxa5 21. Ba3
Bb6 22. Rd6 Qb7+ 23. Kg1 Rec8 24. Rad1 Ra8 25. Rd7 Qb8 26. Qf4 Rf8 27. Qe3 Qc8
28. Qe4 Ra7 29. R7d6 Rd8 30. Rxd8+ Bxd8 31. Qc6 Bc7 32. Bxc5 Ra8 33. Bd6 Ra7
34. Be7 Ra8 35. Rd8+ 1-0

[Event "Z17"]
[Site "Vinkovci"]
[Date "2017.07.25"]
[Round "2.3"]
[White "Dasic, Jelena"]
[Black "Bevanda, Ema"]
[Result "1-0"]
[WhiteElo "1670"]
[BlackElo "1582"]
[PlyCount "97"]
[EventDate "2017.07.24"]

1. Nf3 d5 2. d4 e6 3. c4 c5 4. Nc3 Nf6 5. Bg5 Be7 6. dxc5 O-O 7. cxd5 exd5 8.
e3 Qa5 9. Qd2 Rd8 10. Nb5 Qxd2+ 11. Nxd2 Nc6 12. Rc1 Bf5 13. Nd4 Bg6 14. a3 a5
15. Bb5 Rac8 16. N2b3 Na7 17. a4 Kf8 18. O-O Nxb5 19. Nxb5 Bd3 20. Rfd1 Bc4 21.
Nxa5 Bxc5 22. Nxb7 Rd7 23. Nxc5 Rxc5 24. b4 Rc8 25. Bxf6 gxf6 26. Nd4 Rb7 27.
Rb1 Ra8 28. a5 Ba2 29. Ra1 Bc4 30. Rdb1 Bd3 31. Rb2 Rc7 32. h3 Rb7 33. b5 Rab8
34. b6 Ra8 35. Nb5 Rxb6 36. axb6 Rxa1+ 37. Kh2 Ra8 38. Nc7 Rb8 39. Nxd5 f5 40.
Nf6 Ke7 41. Nxh7 f6 42. b7 Kf7 43. Rb6 Be4 44. Nxf6 Rxb7 45. Rxb7+ Bxb7 46. Nh5
Kg6 47. Nf4+ Kg5 48. Kg3 Kf6 49. h4 1-0

[Event "Z17"]
[Site "Vinkovci"]
[Date "2017.07.25"]
[Round "2.4"]
[White "Mican, Karmela"]
[Black "Smetisko, Marija"]
[Result "0-1"]
[WhiteElo "1831"]
[BlackElo "1845"]
[PlyCount "112"]
[EventDate "2017.07.24"]

1. e4 e5 2. Nf3 d6 3. Bc4 Nd7 4. d3 Be7 5. O-O c6 6. c3 Ngf6 7. Re1 O-O 8. Bb3
Nc5 9. Bc2 Ne6 10. d4 Qc7 11. Nbd2 Nf4 12. Nc4 Ng6 13. Ne3 Re8 14. b3 Ng4 15.
h3 Nxe3 16. Bxe3 Bd7 17. Qd2 Rad8 18. Rad1 Bc8 19. Qc1 b6 20. Qb2 Nh4 21. Nxh4
Bxh4 22. Bd3 Qe7 23. Rf1 Bg5 24. f4 Bf6 25. Qd2 Rf8 26. f5 d5 27. exd5 cxd5 28.
Qf2 Rfe8 29. Rde1 Qc7 30. Rc1 Qd6 31. Kh1 Bd7 32. Rg1 exd4 33. cxd4 Qe7 34.
Rge1 Bh4 35. g3 Bg5 36. Bf4 Qf6 37. Be5 Qh6 38. Kh2 f6 39. Bf4 Rxe1 40. Bxg5
fxg5 41. Rxe1 Qf6 42. g4 Kf7 43. Kg2 Rc8 44. Re5 Qd6 45. Qe3 Rc3 46. Qd2 Qb4
47. Qe2 Qd6 48. Bb1 Rc1 49. Bd3 Qb4 50. Kf2 Qxd4+ 51. Re3 Qf4+ 52. Kg2 Qd6 53.
Qd2 Rc8 54. Bc4 Bc6 55. Rd3 dxc4+ 56. Kf2 Qxd3 0-1

[Event "Z17"]
[Site "Vinkovci"]
[Date "2017.07.25"]
[Round "2.5"]
[White "Juric, Matea"]
[Black "Maroslavac, Ivana"]
[Result "0-1"]
[WhiteElo "1308"]
[BlackElo "1729"]
[PlyCount "69"]
[EventDate "2017.07.24"]

1. e4 g6 2. Nf3 Bg7 3. d4 d6 4. h3 Nf6 5. Nc3 O-O 6. Be2 Nc6 7. O-O e5 8. d5
Ne7 9. Qd3 Ne8 10. Nh2 f5 11. f4 fxe4 12. Qxe4 Bf5 13. Qa4 exf4 14. Bxf4 Nf6
15. Rad1 Qe8 16. Qb3 Qc8 17. Rf3 Rb8 18. Nf1 Qd8 19. Ne3 Bd7 20. Rdf1 h6 21. h4
Nh5 22. Bh2 Rxf3 23. Rxf3 Nf6 24. Rf1 Qc8 25. Rf3 Ng4 26. Rg3 Nxh2 27. Kxh2 Be5
28. Bd3 Bxg3+ 29. Kxg3 Nf5+ 30. Nxf5 Bxf5 31. Be2 Qe8 32. Kh2 Qe5+ 33. Kh1 a6
34. a4 Qf4 35. Bf1 0-1

[Event "Z17"]
[Site "Vinkovci"]
[Date "2017.07.25"]
[Round "2.6"]
[White "Juric, Ester"]
[Black "Bevanda, Lorena"]
[Result "0-1"]
[WhiteElo "1408"]
[BlackElo "1377"]
[PlyCount "76"]
[EventDate "2017.07.24"]

1. d4 d5 2. c4 e6 3. Nc3 Nf6 4. cxd5 exd5 5. Bg5 Be7 6. e3 c6 7. Bd3 Nbd7 8. h3
Bb4 9. Nge2 O-O 10. Qc2 Qc7 11. O-O h6 12. Bf4 Bd6 13. Rac1 a6 14. a4 Qb8 15.
a5 Nh5 16. Bxd6 Qxd6 17. g4 Nhf6 18. Ng3 Re8 19. Na4 Qb4 20. Nf5 Qxa5 21. Nc3
Qc7 22. Ne2 h5 23. g5 Ne4 24. h4 Nf8 25. f3 Bxf5 26. fxe4 Bxe4 27. Nf4 Bxd3 28.
Qxd3 Re4 29. Rf3 Qd7 30. Rcf1 Qg4+ 31. Ng2 Ng6 32. Kh2 Nxh4 33. Nxh4 Qxh4+ 34.
Rh3 Qxg5 35. Rg1 Rg4 36. Rhg3 Rxg3 37. Rxg3 Qh4+ 38. Kg2 Qe4+ 0-1

[Event "Z17"]
[Site "Vinkovci"]
[Date "2017.07.25"]
[Round "3.1"]
[White "Dasic, Jelena"]
[Black "Cvitan, Ena"]
[Result "0-1"]
[WhiteElo "1670"]
[BlackElo "2240"]
[PlyCount "52"]
[EventDate "2017.07.24"]

1. Nf3 Nf6 2. d4 e6 3. c4 b6 4. e3 Bb7 5. Bd3 d5 6. Nbd2 Bd6 7. b3 Ne4 8. Bb2
O-O 9. Qc2 f5 10. Ne5 Qg5 11. Ndf3 Qxg2 12. Rg1 Bb4+ 13. Ke2 Qxf2+ 14. Kd1
Qxc2+ 15. Kxc2 Nc6 16. c5 Nxe5 17. Nxe5 bxc5 18. Bxe4 fxe4 19. dxc5 Rf2+ 20.
Kb1 Raf8 21. Ng4 Rxb2+ 22. Kxb2 h5 23. Ne5 Rf2+ 24. Kb1 Bc3 25. c6 Ba6 26. Nd7
Bd3+ 0-1

[Event "Z17"]
[Site "Vinkovci"]
[Date "2017.07.25"]
[Round "3.2"]
[White "Lijic, Kristina"]
[Black "Golub, Nikolina"]
[Result "0-1"]
[WhiteElo "1752"]
[BlackElo "1828"]
[PlyCount "116"]
[EventDate "2017.07.24"]

1. c4 e6 2. Nc3 d5 3. cxd5 exd5 4. d4 Nf6 5. Nf3 c6 6. Bf4 Be7 7. h3 O-O 8. e3
Re8 9. Bd3 Bd6 10. Bxd6 Qxd6 11. O-O Be6 12. Rc1 Nbd7 13. Re1 a6 14. Qc2 Rac8
15. Na4 Ne4 16. Nd2 Ndf6 17. Nc5 Nxc5 18. Qxc5 Qc7 19. Qc2 g6 20. a3 Qd8 21.
Nb3 Nd7 22. Nc5 Nxc5 23. Qxc5 b6 24. Qc3 a5 25. Rc2 c5 26. dxc5 Rxc5 27. Qd2
Rxc2 28. Qxc2 Qd6 29. Rc1 Rc8 30. Qd2 Rxc1+ 31. Qxc1 d4 32. exd4 Qxd4 33. Kf1
Qxd3+ 34. Kg1 b5 35. Qe1 Qd8 36. Qc3 Qd1+ 37. Kh2 Qd6+ 38. Kg1 b4 39. axb4 axb4
40. Qc1 Qd4 41. Qc2 Kg7 42. Qe2 h5 43. Qc2 Bf5 44. Qc1 b3 45. Kf1 Bc2 46. Ke2
Qd3+ 47. Ke1 Qe4+ 48. Kf1 Qe5 49. g3 Qe4 50. Kg1 Qf3 51. Qe3 Qxe3 52. fxe3 Kf6
53. Kf2 Ke5 54. Kf3 Bd1+ 55. Kf2 Ke4 56. Ke1 Bc2 57. Ke2 Bd3+ 58. Kd2 Bc4 0-1

[Event "Z17"]
[Site "Vinkovci"]
[Date "2017.07.25"]
[Round "3.3"]
[White "Smetisko, Marija"]
[Black "Maroslavac, Ivana"]
[Result "1/2-1/2"]
[WhiteElo "1845"]
[BlackElo "1729"]
[PlyCount "122"]
[EventDate "2017.07.24"]

1. e4 g6 2. d4 Bg7 3. Nf3 d6 4. Bc4 Nf6 5. Nc3 O-O 6. h3 Nxe4 7. Bxf7+ Rxf7 8.
Nxe4 Nc6 9. c3 e5 10. dxe5 Nxe5 11. Nxe5 Bxe5 12. Ng5 Rf8 13. Qd5+ Kg7 14. O-O
Rf5 15. Qe4 Rf8 16. Bd2 Rb8 17. Rae1 Bf5 18. Qxf5 Rxf5 19. Ne6+ Kf7 20. Nxd8+
Rxd8 21. Be3 Bf6 22. a3 a6 23. f4 Bh4 24. Re2 Rf6 25. Rf3 Re6 26. g3 Bf6 27.
Ref2 Rde8 28. Bd2 Re2 29. Kf1 Rxf2+ 30. Kxf2 c6 31. Rd3 d5 32. Kf3 Re4 33. h4
Re8 34. Re3 Rxe3+ 35. Bxe3 Ke6 36. Bc5 Kf5 37. g4+ Ke6 38. h5 gxh5 39. f5+ Kf7
40. gxh5 Bg5 41. b4 b5 42. Kg4 Bc1 43. Bd4 h6 44. Kf3 Bg5 45. Be5 Ke7 46. Kg4
Bc1 47. Bg7 Kf7 48. Bd4 Bg5 49. Bb6 Bf6 50. Bd4 Bg5 51. Kf3 Ke7 52. Kg4 Kf7 53.
Bb6 Bd2 54. Bd4 Bg5 55. Bf2 Bd2 56. Bd4 Bg5 57. Kf3 Ke7 58. Be5 Kf7 59. Kg4 Bd2
60. Bd4 Bg5 61. Bc5 Bd2 1/2-1/2

[Event "Z17"]
[Site "Vinkovci"]
[Date "2017.07.25"]
[Round "3.4"]
[White "Dejanovic, Tereza"]
[Black "Bevanda, Lorena"]
[Result "1-0"]
[WhiteElo "1830"]
[BlackElo "1377"]
[PlyCount "77"]
[EventDate "2017.07.24"]

1. e4 e5 2. Nf3 Nc6 3. Bb5 Nge7 4. c3 d6 5. d3 g6 6. O-O Bg7 7. Nbd2 O-O 8. Ba4
Bd7 9. Re1 Nb8 10. Bc2 Re8 11. Nc4 Nbc6 12. Ne3 Be6 13. Ng5 Bd7 14. Bb3 Rf8 15.
Qf3 Be8 16. h4 h6 17. Nh3 Kh8 18. Ng4 Kh7 19. Qe3 Ng8 20. g3 Bd7 21. f3 Qc8 22.
Qe2 h5 23. Ng5+ Kh8 24. Nxf7+ Rxf7 25. Bxf7 hxg4 26. Bxg6 gxf3 27. Qxf3 Bg4 28.
Qf2 Bd7 29. Bf5 Bxf5 30. Qxf5 Qxf5 31. exf5 Nce7 32. g4 Rf8 33. Rf1 Nd5 34. g5
Rf7 35. h5 Bf8 36. Bd2 Rg7 37. Kh2 Rh7 38. h6 Nge7 39. g6 1-0

[Event "Z17"]
[Site "Vinkovci"]
[Date "2017.07.25"]
[Round "3.5"]
[White "Juric, Ester"]
[Black "Mican, Karmela"]
[Result "0-1"]
[WhiteElo "1408"]
[BlackElo "1831"]
[PlyCount "50"]
[EventDate "2017.07.24"]

1. d4 d5 2. c4 e6 3. Nc3 Nf6 4. Nf3 Be7 5. e3 O-O 6. Bd3 b6 7. O-O Bb7 8. cxd5
Nxd5 9. e4 Nxc3 10. bxc3 c5 11. Rb1 Qc7 12. Re1 Rd8 13. Bb2 Nd7 14. d5 c4 15.
Nd4 cxd3 16. dxe6 Nc5 17. exf7+ Kxf7 18. Qh5+ Kg8 19. Ba3 Qd7 20. Re3 Qe8 21.
Qg4 Bc8 22. Nf5 Bxf5 23. exf5 Qf7 24. Rbe1 Bf6 25. Bb2 Qxa2 0-1

[Event "Z17"]
[Site "Vinkovci"]
[Date "2017.07.25"]
[Round "3.6"]
[White "Bevanda, Ema"]
[Black "Juric, Matea"]
[Result "1-0"]
[WhiteElo "1582"]
[BlackElo "1308"]
[PlyCount "79"]
[EventDate "2017.07.24"]

1. d4 d5 2. c4 e6 3. Nc3 Nf6 4. Nf3 h6 5. e3 b6 6. Be2 Bb7 7. O-O Be7 8. a3 O-O
9. b4 c5 10. Rb1 Qe8 11. Bd2 cxb4 12. axb4 dxc4 13. Ne5 Nc6 14. Nxc4 Nxb4 15.
Nb5 Qc6 16. Bf3 Qxb5 17. Bxb7 Qxc4 18. Bxa8 Rxa8 19. Qf3 Rd8 20. Rfc1 Qb5 21.
Qb7 Rd7 22. Qc8+ Kh7 23. Bxb4 Bxb4 24. Rc7 Qd3 25. Rf1 Rxc7 26. Qxc7 Nd5 27.
Qxf7 Nc3 28. h3 Bd6 29. g3 Ne4 30. Kg2 Nd2 31. Re1 Bb4 32. Qxe6 Nb3 33. Rg1 Nd2
34. Ra1 Bc3 35. Rd1 Qe2 36. Qf5+ Kh8 37. Rc1 g6 38. Qf8+ Kh7 39. Rxc3 g5 40.
Rc7+ 1-0

[Event "Z17"]
[Site "Vinkovci"]
[Date "2017.07.26"]
[Round "4.1"]
[White "Cvitan, Ena"]
[Black "Golub, Nikolina"]
[Result "1-0"]
[WhiteElo "2240"]
[BlackElo "1828"]
[PlyCount "109"]
[EventDate "2017.07.24"]

1. Nf3 Nf6 2. e3 e6 3. d4 b6 4. Bd3 Bb7 5. O-O Be7 6. Nbd2 d5 7. Ne5 Nbd7 8. f4
c5 9. b3 O-O 10. Qf3 Qc7 11. Qh3 Ne4 12. Bb2 f5 13. Ndf3 Rf6 14. Ng5 Rh6 15.
Nxe6 Rxe6 16. Qxf5 Nf8 17. Qf7+ Kh8 18. dxc5 Rf6 19. Qh5 Bxc5 20. Ng4 Rxf4 21.
Be5 Rxf1+ 22. Rxf1 Bd6 23. Rf7 Bxe5 24. Rxc7 Bxc7 25. Qf7 Rc8 26. h4 Nd6 27.
Qe7 Bb8 28. h5 Re8 29. Qh4 h6 30. Nxh6 gxh6 31. Qf6+ Kg8 32. Qxh6 Nf7 33. Qf6
Be5 34. Qf3 Re7 35. Qg4+ Kh8 36. Qf5 Bg7 37. g4 Nh6 38. Qf4 Ne6 39. Qb8+ Ng8
40. Bf5 Ng5 41. Qd6 Nf3+ 42. Kf2 d4 43. e4 Ne5 44. g5 Rf7 45. Ke2 Ba6+ 46. Kd1
Re7 47. h6 Bxh6 48. gxh6 Nf7 49. Qxd4+ Ne5 50. h7 Bb7 51. Qd6 Re8 52. hxg8=Q+
Kxg8 53. Be6+ Nf7 54. Qd7 Rf8 55. Qxb7 1-0

[Event "Z17"]
[Site "Vinkovci"]
[Date "2017.07.26"]
[Round "4.2"]
[White "Dejanovic, Tereza"]
[Black "Dasic, Jelena"]
[Result "0-1"]
[WhiteElo "1830"]
[BlackElo "1670"]
[PlyCount "110"]
[EventDate "2017.07.24"]

1. e4 c5 2. c3 d6 3. d4 cxd4 4. cxd4 Nf6 5. Nc3 g6 6. h3 Bg7 7. Nf3 a6 8. Bd3
b5 9. e5 dxe5 10. dxe5 Nfd7 11. Be4 Ra7 12. Be3 Rc7 13. Qb3 Nc5 14. Bxc5 Rxc5
15. Rd1 Qc7 16. O-O Nc6 17. Nd5 Qa7 18. Qe3 O-O 19. b4 Rc4 20. Bd3 Qxe3 21.
fxe3 Rxb4 22. Nxb4 Nxb4 23. Rf2 Bh6 24. Re2 Be6 25. Bb1 Nd5 26. Rd3 Rc8 27. Re1
Nb4 28. Ra3 Rc7 29. g4 Bc8 30. Rb3 Nd5 31. g5 Bf8 32. h4 Bb7 33. Rf1 e6 34. Nd4
Bc5 35. Kf2 b4 36. Bd3 Nc3 37. a3 Bd5 38. axb4 Bxd4 39. Ra3 Bxe5 40. Rxa6 Ne4+
41. Bxe4 Bxe4 42. Ra2 Bd5 43. Rd2 Rc4 44. h5 Rxb4 45. hxg6 hxg6 46. Rc2 Rg4 47.
Rg1 Rh4 48. Rc8+ Kg7 49. Rc5 Rh2+ 50. Kf1 Bd6 51. Rc8 Bb7 52. Rd8 Ba6+ 53. Ke1
Bc5 54. Rg3 Re2+ 55. Kd1 Rxe3 0-1

[Event "Z17"]
[Site "Vinkovci"]
[Date "2017.07.26"]
[Round "4.3"]
[White "Bevanda, Ema"]
[Black "Smetisko, Marija"]
[Result "1-0"]
[WhiteElo "1582"]
[BlackElo "1845"]
[PlyCount "89"]
[EventDate "2017.07.24"]

1. d4 Nf6 2. c4 g6 3. Nc3 d5 4. cxd5 Nxd5 5. e4 Nxc3 6. bxc3 Bg7 7. Nf3 c5 8.
Be3 Nc6 9. Qd2 Qa5 10. Rc1 Bg4 11. d5 Rd8 12. Ng1 Ne5 13. h3 Bc8 14. f4 Nd7 15.
Bd3 Nb6 16. c4 Qa3 17. e5 Nd7 18. Ne2 b6 19. Nc3 Ba6 20. Rf1 Rg8 21. g4 Bh8 22.
g5 Bg7 23. h4 Nf8 24. Ne4 Bc8 25. Rf2 Qa6 26. Nc3 Qb7 27. Rb1 Qd7 28. Bf1 e6
29. d6 Bb7 30. Nb5 Rc8 31. Nc7+ Kd8 32. Bxc5 Be4 33. Bxb6 axb6 34. Rxb6 Qa4 35.
Qb2 Nd7 36. Ra6 Rb8 37. Qxb8+ Nxb8 38. Rxa4 Kd7 39. Nb5 Nc6 40. Nc3 Bf5 41. c5
Rb8 42. Bb5 Rc8 43. Ra7+ Kd8 44. Rxf7 Bh8 45. Rxh7 1-0

[Event "Z17"]
[Site "Vinkovci"]
[Date "2017.07.26"]
[Round "4.4"]
[White "Maroslavac, Ivana"]
[Black "Mican, Karmela"]
[Result "1-0"]
[WhiteElo "1729"]
[BlackElo "1831"]
[PlyCount "83"]
[EventDate "2017.07.24"]

1. e4 e5 2. Nf3 Nc6 3. Bb5 a6 4. Ba4 Nf6 5. d3 b5 6. Bb3 Be7 7. O-O d6 8. c3
O-O 9. Re1 Na5 10. Bc2 c5 11. Nbd2 Re8 12. Nf1 Bf8 13. Ng3 g6 14. h3 Bg7 15. d4
cxd4 16. cxd4 Nc6 17. dxe5 dxe5 18. Qxd8 Rxd8 19. Be3 h6 20. a4 Be6 21. axb5
axb5 22. Bb6 Rxa1 23. Rxa1 Rb8 24. Bc7 Rc8 25. Bb6 Nd7 26. Be3 Nb4 27. Bd1 Nc2
28. Rc1 Nxe3 29. Rxc8+ Nf8 30. Rxf8+ Bxf8 31. fxe3 f6 32. Kf2 Kf7 33. Nd2 Bb4
34. Ke2 Ke7 35. Nb1 Bd7 36. Nc3 Kd6 37. Nd5 Bc5 38. Nxf6 Be6 39. Ng4 h5 40. Nh2
h4 41. Ngf1 Bc4+ 42. Kf2 1-0

[Event "Z17"]
[Site "Vinkovci"]
[Date "2017.07.26"]
[Round "4.5"]
[White "Bevanda, Lorena"]
[Black "Lijic, Kristina"]
[Result "1-0"]
[WhiteElo "1377"]
[BlackElo "1752"]
[PlyCount "109"]
[EventDate "2017.07.24"]

1. d4 d5 2. Nf3 Nf6 3. Bf4 Bf5 4. e3 e6 5. c4 c6 6. Qb3 Qb6 7. Nbd2 h6 8. Be2
Nbd7 9. O-O Be7 10. h3 O-O 11. a3 Rac8 12. Rac1 c5 13. cxd5 Nxd5 14. Bh2 N7f6
15. Rfe1 Rfd8 16. Bc4 Qxb3 17. Bxb3 Be4 18. Nxe4 Nxe4 19. Bc2 Ndf6 20. Bd3 Bd6
21. Bxd6 Rxd6 22. Bxe4 Nxe4 23. Ne5 f6 24. dxc5 Rxc5 25. Rxc5 Nxc5 26. Rc1 Nb3
27. Rc3 Nd2 28. Ng6 Ne4 29. Rc8+ Kf7 30. Nh8+ Ke7 31. Rg8 Rb6 32. Rxg7+ Kd6 33.
Nf7+ Kc6 34. Nd8+ Kb5 35. Nxb7 Ka6 36. f3 Nd2 37. Nc5+ Kb5 38. b4 a6 39. Rg6 e5
40. Rxh6 Nc4 41. Rh7 Nxa3 42. Rb7 Rxb7 43. Nxb7 Nc2 44. e4 Kxb4 45. h4 a5 46.
Nxa5 Kxa5 47. h5 Nd4 48. h6 Ne2+ 49. Kh2 Nf4 50. h7 Ng6 51. Kg3 Kb6 52. Kg4 Kc6
53. Kf5 Nh8 54. Kxf6 Kd6 55. Kg7 1-0

[Event "Z17"]
[Site "Vinkovci"]
[Date "2017.07.26"]
[Round "4.6"]
[White "Juric, Matea"]
[Black "Juric, Ester"]
[Result "1/2-1/2"]
[WhiteElo "1308"]
[BlackElo "1408"]
[PlyCount "70"]
[EventDate "2017.07.24"]

1. e4 c5 2. Nf3 d6 3. d4 cxd4 4. Qxd4 Nc6 5. Bb5 Bd7 6. Bxc6 Bxc6 7. Nc3 Nf6 8.
Bg5 e6 9. O-O-O Be7 10. Rhe1 O-O 11. h3 Qc7 12. Bxf6 Bxf6 13. Qe3 Bxc3 14. Qxc3
Rac8 15. Qe3 Rfd8 16. Qe2 e5 17. c3 h6 18. Rd2 Rd7 19. Nh2 Rcd8 20. Qe3 a6 21.
f4 f6 22. Qg3 Re7 23. Ng4 exf4 24. Qxf4 d5 25. Qxc7 Rxc7 26. Red1 Rcd7 27. e5
fxe5 28. Nxe5 Re7 29. Nxc6 bxc6 30. c4 Red7 31. Kc2 Kf8 32. b3 Ke7 33. Re2+ Kf8
34. Red2 Ke7 35. Re2+ Kf8 1/2-1/2

[Event "Z17"]
[Site "Vinkovci"]
[Date "2017.07.27"]
[Round "5.1"]
[White "Cvitan, Ena"]
[Black "Bevanda, Ema"]
[Result "1/2-1/2"]
[WhiteElo "2240"]
[BlackElo "1582"]
[PlyCount "120"]
[EventDate "2017.07.24"]

1. d4 d6 2. Nf3 Nf6 3. c4 Nbd7 4. Nc3 e5 5. e4 c6 6. Be2 g6 7. O-O Bg7 8. Qc2
O-O 9. Rb1 a5 10. b3 Re8 11. dxe5 dxe5 12. Na4 b6 13. Rd1 Rb8 14. Be3 Qe7 15.
c5 b5 16. Nb6 Ng4 17. Nxc8 Rexc8 18. Bd2 Qxc5 19. Qxc5 Nxc5 20. Bxa5 Nxe4 21.
h3 Ngf6 22. Nxe5 Ra8 23. Be1 Rxa2 24. Bf3 Rc2 25. Rbc1 Rxc1 26. Rxc1 c5 27. Ba5
Nd6 28. Nc6 Re8 29. Rxc5 Nfe4 30. Rc1 Nf5 31. Re1 Ned6 32. Rd1 Bb2 33. Bb4 Ne4
34. Be2 Bc3 35. Bxb5 Bxb4 36. Nxb4 Rb8 37. Rd5 Nc3 38. Rc5 Rxb5 39. Rc8+ Kg7
40. Nc2 Rxb3 41. g4 Nd6 42. Rc7 Nce4 43. Kg2 Rc3 44. Rxc3 Nxc3 45. h4 h5 46. f3
Nd5 47. Kg3 Nc4 48. Nd4 Nce3 49. Ne2 hxg4 50. fxg4 Nf6 51. g5 Nf5+ 52. Kh3 Ne4
53. Kg4 Kf8 54. h5 Nfd6 55. Nf4 Nf2+ 56. Kf3 Nfe4 57. hxg6 Nxg5+ 58. Kg4 f6 59.
Nh5 Ne6 60. Nxf6 Kg7 1/2-1/2